Statistics for Marunouchi Line - Tokyo Japan - All Stations

Click here to take the quiz!

General Stats

  • This quiz has been taken 58 times
  • The average score is 18 of 28

Answer Stats

Station NumberStation% Correct
M17Tokyo
100%
M08Shinjuku
95%
M25Ikebukuro
85%
M09Shinjuku-Sanchome
80%
M16Ginza
75%
M18Otemachi
75%
M07Nishi-Shinjuku
70%
M20Ochanomizu
70%
M01Ogikubo
70%
Mb3Honan-cho
65%
M15Kasumigaseki
65%
M06Nakano-Sakaue
65%
M10Shinjuku-Gyoenmae
65%
M12Yotsuya
65%
M11Yotsuya-Sanchome
65%
M22Korakuen
60%
M03Shin-Koenji
60%
M13Akasaka-Mitsuke
55%
M04Higashi-Koenji
55%
M14Kokkaigijidomae
55%
Mb4Nakano-Fujimicho
55%
Mb5Nakano-Shimbashi
55%
M05Shin-Nakano
55%
M19Awajicho
50%
M23Myogadani
50%
M24Shin-Otsuka
50%
M21Hongo-Sanchome
45%
M02Minami-Asagaya
45%

Score Distribution

Percentile by Number Answered

Percent of People with Each Score

Your Score History

You have not taken this quiz